000 00742nam a22002657a 4500
001 BR0501488
003 BR-BrBNA
005 20230928101854.0
007 ta
008 230509b bl.||||| |||| 00| 0 por d
040 _aBR-BrBNA
_bpor
_cBiblioteca Nacional de Agricultura
041 _a(Por)
072 _aD50; C10
090 _ D50 BR0501488
110 1 _aMinistério da Educação, Brasília, DF (Brasil)
_97408
245 1 _aDiretrizes operacionais para a educação básica nas escolas do campo
260 3 _aBrasília, DF (Brasil):
_c2003.
300 _a47 p.
650 _aEDUCAÇÃO AGRÍCOLA
650 _aESCOLA
650 _aLEGISLAÇÃO
650 _aDIRETRIZ
909 _a202309
_bLucia
_c55
_dLucia Elande
942 _cBK
999 _c67992
_d67992